000 00609nam a2200229Ia 4500
003 OSt
005 20221007064226.0
006 a|||||r|||| 00| 0
007 ta
008 221006b |||||||| |||| 00| 0 eng d
024 _a15,162
037 _cTextual
040 _aFLL
_cFLL
_beng
041 _2eng
_aeng
082 _aX:95:Z212q, L5
100 _aSugathan N.
_9685498
245 0 _aKerala subordinate services
260 _aCochin
_bThe Travancore Law House India
_c1975
300 _a366p
_ccm.
942 _hX:95:Z212q, L5
_cTEXL
_2CC
999 _c1133313
_d1133313